El gran libro de los peluches : (Registro nro. 30256)
[ vista simple ]
| 000 -LEADER | |
|---|---|
| fixed length control field | 00387nam a22001337a 4500 |
| 003 - CONTROL NUMBER IDENTIFIER | |
| control field | OSt |
| 005 - DATE AND TIME OF LATEST TRANSACTION | |
| control field | 20250808112417.0 |
| 008 - FIXED-LENGTH DATA ELEMENTS--GENERAL INFORMATION | |
| fixed length control field | 230919b |||||||| |||| 00| 0 eng d |
| 040 ## - CATALOGING SOURCE | |
| Transcribing agency | CO-JMCR |
| 082 04 - DEWEY DECIMAL CLASSIFICATION NUMBER | |
| Classification number | C |
| Item number | GRAg |
| 100 10 - MAIN ENTRY--PERSONAL NAME | |
| Personal name | Grupo editorial norma, |
| Relator term | autor |
| 9 (RLIN) | 42918 |
| 245 ## - TITLE STATEMENT | |
| Title | El gran libro de los peluches : |
| Remainder of title | ¡un mundo de aventuras y colo! / |
| Statement of responsibility, etc. | Grupo editorial norma |
| 942 ## - ADDED ENTRY ELEMENTS (KOHA) | |
| Source of classification or shelving scheme | Dewey Decimal Classification |
| Koha item type | Books |
| Withdrawn status | Lost status | Source of classification or shelving scheme | Damaged status | Not for loan | Collection code | Home library | Current library | Date acquired | Total Checkouts | Full call number | Barcode | Date last seen | Date last checked out | Copy number | Price effective from | Koha item type |
|---|---|---|---|---|---|---|---|---|---|---|---|---|---|---|---|---|
| Dewey Decimal Classification | Fiction | Biblioteca Pública José María del Castillo y Rada | Biblioteca Pública José María del Castillo y Rada | 09/19/2023 | 4 | C GRAg | 201812046 | 01/22/2026 | 01/22/2026 | Ej.1 | 09/19/2023 | Books |